[Event "Championnat CEH Section Championnat "]
[Site "Gatineau"]
[Date "2015.04.28"]
[Round "4"]
[White "Groleau, Gilles"]
[Black "Desjardins, Michel"]
[Result "0-1"]
[BlackElo "1880"]
[EventDate "2015.04.28"]
[WhiteElo "1937"]

1.e4 d5 2.exd5 Qxd5 3.Nf3 Bg4 4.Be2 Nc6 5.d4 O-O-O 6.Be3 e5 7.c4 Qa5+ 8.Bd2
Qa6 9.d5 Bxf3 10.Bxf3 Nd4 11.b3 Qg6 12.O-O Nf6 13.Nc3 h5 14.Be3 Nc2
{ (C'est l'une des variantes que j'avais préparées pour cet affrontement) }
15.Be4 $5
{ (Ce coup m'a surpris et choqué du même coup. Avec les échanges forcés
qui vont suivre, j'étais bien déçu de penser que jouer pour le gain serait une
tâche très difficile avec une réduction importante des effectifs) } ( 
15.Bxa7 Nxa1
{ (croyez-le ou non, mais le meilleur coup des blancs était de donner la
qualité pour un pion. C'est pourquoi j'étais confiant de jouer cette variante.
Cependant, le 2ème meilleur coup de Stockfish m'avait échappé (le 15.Fe4!?
joué par Gilles) } ) 15...Nxe3 16.Bxg6 Nxd1 17.Bf5+ Kb8 18.Raxd1 g6
{ (Ici, j'ai proposé la nulle, encore dépité par la variante annulante qui
commençait par 15.Fe4!? En effet, les fous de couleurs opposés ainsi que le
placement des pièces et des pions offraient peu de chance de gain pour les
blancs ou pour les noirs. Les noirs ont toutefois un léger avantage selon le
logiciel) } 19.Bc2 Bb4 20.Nb1 Bc5
{ (Jusqu'à maintenant, c'est une partie de
très haut niveau car les 2 joueurs ont joué le meilleur coup lors des 20
premiers coups excepté lors d'un seul coup où nous avons joué le 2ème meilleur
coup. Je suis évidemment bien fier de notre ouverture. Cependant, comme
d'habitude, j'ai pris beaucoup plus de temps que Gilles alors qu'il me reste
24 minutes et lui, 59 minutes) } 21.h3 h4 22.Rfe1 Rhe8
{ (Ma première
imprécision. Stockfish préfère 22...Tde8 et ce coup me semble maintenant
évident à tête reposée) } 23.Kf1 Nh5 $1 24.Re4 $6 ( 24.Nd2 $1
{ (Ce coup était
presque nécessaire. Sans jouer de mauvais coup, la position des blancs va se
dégrader rapidement. Gilles m'a confié après la partie qu'il regrettait
d'avoir été trop passif) } ) 24...Nf4 25.Nd2 f5 26.Ree1 ( 26.Rxf4 $1
{ (Le meilleur coup est de donner la qualité. Autrement dit, ça ne va pas bien
pour les blancs) } ) 26...e4 { (-1.77) } 27.Kg1 Nh5 28.Kf1 e3 $1
{ (Le coup d'assommoir) } 29.fxe3 Bxe3
{ (En pression de temps, j'ai manqué cette merveilleuse suite gagnante!) } ( 
29...Ng3+ $3 30.Kf2 f4 31.Nf1 fxe3+ 32.Nxe3 Rxe3 33.Rxe3 Rf8+ 34.Kg1 Bxe3+ )
30.Ke2 $1
{ (Ce coup m'a choqué, car je croyais que la position des blancs
s'écroulait. Gilles a tendance a trouver les bons coups de défense dans des
positions difficiles, du moins contre moi. La position est encore gagnante
pour les noirs, mais ils devront travailler fort et jouer des coups précis) }
30...Bc5+
{ (Avec moins d'une minute au cadran, je n'ai pas trouvé la variante
gagnante suivante. Les noirs n'ont seulement maintenant qu'un gros avantage) }
( 30...Bf4+ 31.Kd3 Bg3 32.Rxe8 Nf4+ 33.Kc3 Rxe8 34.Nf3 Nxg2 { (-2.06) } )
31.Kf3 { (Gilles joue les meilleurs coups pour rester en vie) } 31...Ng3 $1
32.Nf1 $2
{ (Malheureusement, l'erreur fatale. Les noirs pourront construire un réseau de
mat et la seule façon d'empêcher ça serait de donner une tour et la partie) }
32...Nxf1 33.Rxf1 Re3+ { (l'intrusion de cette tour est mortelle) } 34.Kf4
Rg3 35.Rf3 { (Imaginez, le meilleur coup était de jouer 35.Re5! Ouf...) }
35...Rxg2 36.Bb1 Rf8 37.Rdf1 Re8 ( 
{ Ici, j'ai manqué un mat en 4, mais à ma défense, mon coup me
faisait gagner une tour ou un mat encore plus rapide : } 37...g5+ $1 38.Ke5
Re2+ 39.Re3 Rxe3+ 40.Be4 Rxe4# ) 38.Rd3 g5+ 39.Kf3 ( 39.Kxf5 Rf8+ 40.Kg6 Rxf1
) 39...Rg3#
{ (Une de mes plus belles parties à vie avec le moins
d'imprécisions. Je ne me souviens même pas si j'avais déjà battu Gilles, ma
bête noire, avec les noirs). } 0-1

[Event "Championnat CEH Section Relève 1 "]
[Site "Gatineau"]
[Date "2015.04.28"]
[Round "4"]
[White "Arsenault, Michel"]
[Black "Akrib, Fouad"]
[Result "0-1"]
[BlackElo "1781"]
[EventDate "2015.04.28"]
[WhiteElo "1860"]

1.c4 e5 2.g3 g6 3.Bg2 Bg7 4.Nc3 f5 5.e3 Nc6 6.Nge2 d6 7.d4 Nf6 8.O-O O-O 9.b3
Ne7 10.dxe5 dxe5 11.Ba3 Kf7 12.Nd5 Nfxd5 13.cxd5 Re8 14.Qd2 a5 15.Rad1 a4
16.d6 axb3 17.Qb4 cxd6 18.Rxd6 Qa5 19.Qxb3+ ( 
{ Commentaire de Michel Arsenault : J'ai joué mon 19e coup sans trop réfléchir et j'ai manqué un coup qui est le début d'une attaque incroyable : }
19.Qc4+ Kf8 20.Bb4 Qxa2 ( 20...Qa7 21.Nc3 e4 22.Nd5 b5 23.Qxb3 Qxa2 24.Qxa2
Rxa2 25.Nxe7 Rb2 26.Nd5 $18 ) 21.Nc3 Qc2 22.Bd5 { menace 23.Fg8. } 22...Nxd5
23.Rxd5+ Kg8 24.Rd8+ $18 ) 19...Kf8 20.Bb4 Qxa2 21.Qxa2 Rxa2 22.Nc3 Rb2
23.Bc5 Rc2 24.Bb4 e4 25.Nd5 Nxd5 26.Rxd5+ Kf7 27.Rfd1 Re6 28.Rc5 Rxc5 29.Bxc5
Rc6 30.Bd4 Rd6 31.Rc1 Rc6 32.Rxc6 bxc6 33.Ba7 Ba6 34.f3 Bd3 35.fxe4 Bxe4
36.Bf1 Ke6 37.Kf2 Kd5 38.Ke1 Bc3+ 39.Kf2 c5 40.Ba6 Be5 41.h3 Kc6 42.g4 fxg4
43.hxg4 Bd5 44.Ke2 Be6 45.Kf3 c4 46.Ke4 Bf6 47.Kf4 h6 48.Bd4 Bxd4 49.exd4 Kb6
50.Ke5 Kxa6 0-1

[Event "Championnat CEH Section Relève 1 "]
[Site "Gatineau"]
[Date "2015.04.28"]
[Round "4"]
[White "Jobin, Gilles G."]
[Black "Lavergne, Daniel"]
[Result "1/2-1/2"]
[BlackElo "1767"]
[EventDate "2015.04.28"]
[WhiteElo "1753"]

1.e4 e5 2.Nf3 Nc6 3.Nc3 Nf6 4.g3 Bb4 5.Bg2 d6 6.d3 O-O 7.O-O h6 8.a3 ( 8.Bd2
Be6
{ Lepellier-Anic, Narbonne 1999, avec à peu près l'égalité. Voir livre de Pinski : The Four Knights. }
) 8...Bc5 9.b4 Bb6 10.Na4
{ Je voulais me débarasser du Fou, me disant que j'aurais bien du plaisir sur les cases noires. }
10...Bg4 11.Nxb6 axb6 12.Bb2 Qd7 13.Qd2
{ Pour déclouer mon Cavalier et garder un oeil sur b4 et sur f4. } 13...Bh3
14.Nh4 Bxg2 15.Kxg2 Rae8 16.Rae1
{ J'ai pris beaucoup de temps avant de jouer ce coup. Je cherchais un plan. Bien sûr, je voulais pousser f4 pour activer le Fb2. }
( { J'aurais dû jouer } 16.f4
{ mais je voyais des fantômes le long de la diagonale a8-h1. } ) 16...b5
17.h3 ( { Encore une fois, } 17.f4 { semble vraiment bien ici. } ) 17...d5
18.Qe3 d4 { Le centre fermé, je me trouvais en meilleur posture. } 19.Qd2 Nh7
20.Qe2 ( { Encore une fois, il fallait jouer } 20.f4 { et si } 20...exf4
21.gxf4
{ . Le problème, c'est que je n'arrivais pas à me persuader que j'avais l'avantage ici. }
) 20...Ng5 21.Qg4 Qxg4 22.hxg4 Ne6 23.Nf3 $6
{ Mauvais. Il fallait jouer pour la poussée f4 en la préparant avec Bc1. }
23...f6 24.Nd2
{ Je commençais à paniquer. Et mon temps sur l'horloge disparaissait à vitesse grand V. }
24...Ncd8 25.f4 { Enfin ! Mais un peu tard pour offrir un avantage sérieux. }
25...b6 26.fxe5 fxe5 27.Nf3
{ Par la pensée, j'ai enlevé les Tours de l'échiquer, et j'imaginais alors ma situation assez critique. }
27...Nf7 28.Nh4 Kh7 29.Rf2 Nfg5 30.Ref1
{ Ouf ! le 30e coup atteint, 20 minutes s'ajoutaient à mon horloge. }
30...Rxf2+ 31.Rxf2 Rf8 $6 ( { Stockfish suggère plutôt } 31...Re7
{ et considère le coup choisi comme donnant un avantage aux Blancs. } )
32.Rf5 $1 Rxf5 ( { Sur } 32...Nf7
{ que je croyais très fort pour les Noirs, j'avais prévu reculer tout simplement la Tour, car la suite est vraiment difficile à calculer : je voyais possiblement ma Tour prise en souricière. Mais Stockfish, sans se fatiguer, donner une suite probablement gagnante pour les Blancs : }
33.Nf3 $1 { et sur } 33...g6 { alors } 34.Rf6 Nfd8 35.Rxf8 Nxf8 $18
{ Que voulez-vous ? je ne suis pas une machine... } ) 33.gxf5 Nf8 34.c3 c5
{ Daniel a proposé la nulle. Après 35. cd4 cd4 je ne voyais pas comment percer la défense des Noirs. }
1/2-1/2

[Event "Championnat CEH Section Relève II"]
[Site "Gatineau"]
[Date "2015.04.28"]
[Round "4"]
[White "Morel, Joseph"]
[Black "Laurin, Marcel"]
[Result "1-0"]
[BlackElo "1583"]
[WhiteElo "1716"]

1.d4 b6 2.e4 Bb7 3.Nc3 e6 4.Nf3 h6 5.Bf4 d6 6.Bd3 Ne7 7.Qe2 g5 8.Bg3 Ng6 9.h3
Bg7 10.e5 d5 11.Bxg6 fxg6 12.Qd3 Kf7 13.Nd2 Rf8 14.h4 g4 15.h5 Qg5 16.hxg6+
Qxg6 17.Qxg6+ Kxg6 18.Ne2 Bc8 19.Nf4+ Kh7 20.Nf1 Nc6 21.c3 Nxe5 22.dxe5 Bxe5
23.Nxe6 Bxc3+ 24.bxc3 Bxe6 25.Bxc7 Rac8 26.Be5 Kg6 27.Ne3 h5 28.Rd1 Rce8
29.O-O h4 30.Nxd5 Kf5 31.Bd6 Rg8 32.Ne7+ Rxe7 33.Bxe7 h3 34.gxh3 gxh3+ 35.Kh2
Kf4 36.Rg1 Re8 37.Rd4+ Kf3 38.Rg3+ Kxf2 39.Rd2+ Ke1 40.Bg5 Bc4 41.Rg1+ Bf1
42.Rb2 b5 43.Bh4+ 1-0

[Event "Championnat CEH Section Relève II"]
[Site "Gatineau"]
[Date "2015.04.28"]
[Round "4"]
[White "Lecorre, Joel"]
[Black "Danilov, Alex"]
[Result "0-1"]
[BlackElo "1730"]
[WhiteElo "1568"]

1.e4 e5 2.Bc4 Nf6 3.d4 exd4 4.Nf3 Nc6 5.Nxd4 Bc5 6.Nxc6 bxc6 7.Nc3 d6 8.h3
O-O 9.O-O Re8 10.Qf3 Be6 11.Bxe6 Rxe6 12.Bg5 Rb8 13.Na4 Bd4 14.c3 Be5 15.Qd3
h6 16.Bh4 g5 17.f4 gxf4 18.Rf3 Qd7 19.Rd1 c5 20.Bxf6 Rxf6 21.Qd5 Qxa4 0-1

[Event "Championnat CEH Section Relève II"]
[Site "Gatineau"]
[Date "2015.04.28"]
[Round "4"]
[White "Sabourin, Yves"]
[Black "Raymond, Daniel"]
[Result "1/2-1/2"]
[BlackElo "1643"]
[WhiteElo "1427"]

1.e4 c5 2.c3 e6 3.d4 d5 4.exd5 Qxd5 5.Nf3 Nf6 6.Be2 Nc6 7.O-O cxd4 8.Nxd4
Nxd4 9.Qxd4 Qxd4 10.cxd4 Bd6 11.Be3 Bd7 12.Bf3 Rb8 13.d5 Be5 14.Nc3 Bxc3
15.dxe6 Bxe6 16.bxc3 Nd5 17.Bxa7 Rc8 18.Bxd5 Bxd5 19.Bd4 O-O 20.a3 Ra8 21.Bc5
Rfc8 22.Bb4 b5 23.Rfd1 Bc4 24.Rd2 Rd8 25.Rd4 f6 26.Rad1 Rxd4 27.cxd4 Rd8
28.f3 Kf7 29.Kf2 f5 30.Bc5 g6 31.Re1 Re8 32.f4 Rxe1 33.Kxe1 h6 34.Kd2 g5
35.Ke3 Kg6 36.g3 g4 1/2-1/2

[Event "Championnat CEH Section Relève II"]
[Site "Gatineau"]
[Date "2015.04.28"]
[Round "4"]
[White "Berthiaume, Serge"]
[Black "Labelle, Raymond"]
[Result "1-0"]
[BlackElo "1363"]
[WhiteElo "1466"]

1.d4 Nf6 2.Nf3 e6 3.Bf4 d5 4.e3 Bd6 5.Ne5 Nbd7 6.Nd2 c5 7.c3 c4 8.Nxf7 Kxf7
9.Bxd6 Qb6 10.Ba3 e5 11.Qf3 e4 12.Qd1 Nf8 13.Be2 Ng6 14.h4 h5 15.Qc2 Ng4
16.O-O-O Qf6 17.Nxe4 dxe4 18.Bxc4+ Be6 19.Qb3 b6 20.Bxe6+ Qxe6 21.d5 Qd7
22.d6+ Ke8 23.Rd2 Rf8 24.Qc2 Qe6 25.d7+ Kd8 26.Bxf8 Nxf8 27.Qa4 Nxd7 28.Rxd7+
Qxd7 29.Rd1 Qxd1+ 30.Qxd1+ Kc7 31.Qe2 g6 32.Qc4+ Kb7 33.Qxe4+ Kb8 34.Qxg6 Kb7
35.Qf7+ 1-0

[Event "Championnat CEH Section Relève II"]
[Site "Gatineau"]
[Date "2015.04.28"]
[Round "4"]
[White "Gaudreau, Louis"]
[Black "Potvin, Daniel"]
[Result "1-0"]
[BlackElo "1544"]
[WhiteElo "1223"]

1.d4 g6 2.c4 Bg7 3.Nf3 b6 4.e3 Bb7 5.Nbd2 Nf6 6.Bd3 O-O 7.O-O d6 8.Qc2 Nbd7
9.b3 c5 10.Bb2 cxd4 11.exd4 Rc8 12.d5 Nxd5 13.Bxg7 Nb4 14.Qc3 Nxd3 15.Bxf8
Qxf8 16.Qxd3 Nc5 17.Qe3 Ne6 18.Rfe1 Re8 19.Rad1 Qg7 20.Ne4 h6 21.Nd4 Bxe4
22.Nxe6 fxe6 23.Qxe4 e5 24.Re3 1-0

[Event "Championnat CEH Section Relève II"]
[Site "Gatineau"]
[Date "2015.04.28"]
[Round "4"]
[White "Lemieux, Denis"]
[Black "Menard, Marc"]
[Result "1/2-1/2"]
[BlackElo "1468"]
[WhiteElo "1461"]

1.d4 Nf6 2.c4 e6 3.Nc3 d5 4.cxd5 Nxd5 5.e4 Nb6 6.Nf3 Be7 7.Be2 O-O 8.O-O c5
9.dxc5 Bxc5 10.Qxd8 Rxd8 11.Bf4 Nc6 12.Rfd1 Bd7 13.a3 Be8 14.b4 Bd4 15.Nxd4
Nxd4 16.Bf1 Rac8 17.Ne2 Nc2 18.Rxd8 Rxd8 19.Ra2 Nd4 20.Nc3 f6 21.e5 Bc6
22.exf6 gxf6 23.Bc7 Rc8 24.Bxb6 axb6 25.Ne2 Rd8 26.Nxd4 Rxd4 27.Ra1 e5 28.g3
Kf7 29.Bg2 Ke6 30.Bxc6 bxc6 31.Rc1 Kd5 32.Rc3 e4 33.Kf1 f5 34.Ke2 Rc4 35.Kd2
Kd4 36.Rb3 b5 37.f3 1/2-1/2

[Event "Championnat CEH Section Relève II"]
[Site "Gatineau"]
[Date "2015.04.28"]
[Round "4"]
[White "Raymond, Robert"]
[Black "Piche, Guy"]
[Result "0-1"]
[BlackElo "1663"]
[WhiteElo "1341"]

1.e4 d6 2.d3 e5 3.Nc3 f5 4.exf5 Bxf5 5.Nf3 Nf6 6.Bg5 Be7 7.Qe2 O-O 8.O-O-O c5
9.h3 Nc6 10.g4 Be6 11.Bg2 Re8 12.Rhe1 Qc7 13.Bh4 Nd4 14.Nxd4 cxd4 15.Ne4 Nd5
16.Bxe7 Qxe7 17.Qd2 Nf4 18.Bf1 Qc7 19.b3 Rac8 20.Ng5 Bd5 21.Ne4 Qb6 22.Kb1
Rc6 23.Rc1 Rec8 24.f3 Rc3 25.Nxc3 dxc3 26.Qe3 Qa5 27.d4 Qa3 28.Qxc3 Rxc3
29.dxe5 dxe5 30.Rxe5 Rc5 31.Bc4 Rxc4 32.Re8+ Kf7 33.Rce1 Rc7 34.R8e5 g6 35.h4
Qc5 36.c4 Nd3 37.Rxd5 Qxd5 38.Re4 Qa5 39.f4 Qc3 0-1

[Event "Championnat CEH Section Relève II"]
[Site "Gatineau"]
[Date "2015.04.28"]
[Round "4"]
[White "Arcand, Pierre"]
[Black "Bourbonnais, Luc"]
[Result "0-1"]
[BlackElo "1297"]
[WhiteElo "1142"]

1.e4 e5 2.Nf3 Nc6 3.Bb5 a6 4.Bxc6 dxc6 5.O-O Qd6 6.Nc3 Bg4 7.d3 O-O-O 8.Bg5
f6 9.Be3 c5 10.h3 Bh5 11.Nd5 Ne7 12.Nxe7+ Bxe7 13.g4 Bf7 14.Qe2 h5 15.Nh2
hxg4 16.hxg4 g5 17.f3 Qc6 18.b3 c4 19.bxc4 Bc5 20.Bxc5 Qxc5+ 21.Qf2 Qc6 22.a4
Rh6 23.a5 Rdh8 24.Rfb1 Rxh2 25.Qxh2 Rxh2 26.Kxh2 Qc5 27.Rf1 Qe3 28.Kg3 Qf4+
29.Kg2 Qd2+ 30.Rf2 Qc3 31.Ra2 Kd7 32.Kg3 Kd6 33.Ra4 Kc5 34.Rh2 Qe1+ 35.Rf2
Kd4 36.Ra3 Ke3 37.d4+ Kxd4 38.Rd3+ Kxc4 39.Rd7 Be8 40.Rxc7+ Bc6 41.Rf7 Kd4
42.Rh7 Qg1+ 43.Rg2 Qe3 44.Kh2 Qxf3 45.Rf7 Qf4+ 46.Rg3 Bxe4 47.Rd7+ Kc4
48.Rc7+ Kb5 49.Kh3 Qf1+
{ Pierre a été gentil et a joué 50. Rh2, permettant 50...Dh1# } 0-1

[Event "Championnat CEH Section Relève II"]
[Site "Gatineau"]
[Date "2015.04.28"]
[Round "4"]
[White "Simard, Paul"]
[Black "Legare, Gilles"]
[Result "1-0"]
[BlackElo "1094"]
[WhiteElo "1111"]

{ A02: Ouverture Bird } 1.f4 b6 2.e3 { dernier coup de la bibliothèque }
2...Ba6 ( 2...Nf6 $5 $11 ) 3.Bxa6 $14 Nxa6 4.Nf3 e6 5.b3 Be7 6.Bb2
{ Les Blancs
menacent un gain matériel: Fb2xg7 } 6...Bf6
{ Les Noirs menacent un gain matériel:
Ff6xb2 } 7.Nc3 Ne7 8.O-O ( 8.d4 $14 ) 8...Nf5 $2 ( 8...O-O 9.d4 $14 ) 9.Qe2
( 9.e4 Nh4 10.e5 Nxf3+ 11.Qxf3 Be7 $16 ) 9...Nc5 ( 9...Nb4 10.g4 Nd6 11.d4
$16 ) 10.Rab1 ( 10.d4 Nb7 $18 ) 10...O-O ( 10...d5 11.d4 Ne4 12.Nxe4 dxe4
13.Ne5 $14 ) 11.g4 ( 11.d4 $142 $5 Nb7 12.g4 $16 ) 11...Nd6 ( 11...Bxc3
12.Bxc3 Ne7 13.g5 $11 ) 12.g5 $14 { Les Blancs obtiennent plus d'espace. }
12...Be7 ( 12...Bxc3 13.Bxc3 Qc8 14.d3 $14 ) 13.Ne5 f6 14.gxf6 Bxf6 15.Nb5 ( 
15.Qg2 $142 $11 ) 15...Qb8 $4 { redonne l'avantage à l'adversaire. } ( 
15...Nxb5 $142 { sauvant la partie. } 16.Qxb5 Qe8 $15 ) 16.b4 $18 Bxe5
17.Bxe5 ( 17.bxc5 $142 { les Blancs ont de très bonnes chances. } 17...Bxb2
18.cxd6 $18 ) 17...Nce4 $14 18.Nc3 ( 18.Nxd6 Nxd6 ( 18...cxd6 $143 19.Bxg7
Kxg7 20.Qg2+ Kh8 21.Qxe4 $18 ) 19.c4 Qe8 $14 ) 18...Nf6 ( 18...Nxc3 19.Qg2
Ne2+ 20.Kf2 $11 ) 19.Rf3 Nf5 ( 19...Qb7 20.Rh3 $14 ) 20.Rh3 Qe8 ( 20...Qb7
21.e4 Ne7 22.b5 $11 ) 21.Kh1 ( 21.e4 $142 Nd6 22.Rg3 $16 ) 21...d6 $11
22.Bxf6 Rxf6 23.Ne4 { Les Blancs
menacent un gain matériel: Ce4xf6 } 23...Rh6 ( 23...Rg6 24.Qd3 $15 ) 24.Ng5
( 24.Rxh6 $142 $5 { et les Blancs sont encore dans la partie. } 24...Nxh6
25.Qg2 $14 ) 24...Rxh3 $17 25.Nxh3 Qc6+ ( 25...d5 26.Rg1 $15 ) 26.e4 $15 Nd4
{ Les Noirs
menacent un gain matériel: Cd4xe2 } 27.Qg4 $4 ( 27.Qg2 d5 28.c3 $14 )
27...Qxe4+ ( 27...Qxc2 $142 $5 { semble mieux. } 28.Re1 Re8 29.a3 $19 )
28.Qg2 Qxg2+ 29.Kxg2 Rf8 ( 29...Nxc2 $142
{ est encore plus facile pour les Noirs. } 30.Rc1 Nxb4 31.Rxc7 h6 $19 ( 
31...Nxa2 $6 32.Ng5 $19 ) ) 30.c3 $17 Nf5 31.Ng5 Rf6 32.Re1 Rg6 ( 32...e5
$142 $5 33.Kh3 h6 $17 ( 33...exf4 $6 34.Re8+ Rf8 35.Rxf8+ Kxf8 36.Nxh7+ Kf7
37.Kg4 $11 ) ) 33.Rxe6 $11 { Les Blancs menacent mat. } 33...Nh4+ ( 
33...Rxe6 34.Nxe6 c6 35.Kf3 $14 ) 34.Kh3 ( 34.Kg3 $5 Nf5+ 35.Kg4 Rxe6 36.Nxe6
Nh6+ 37.Kf3 $16 ) 34...Rxe6 $14 35.Nxe6
{ Une finale de Cavalier est
obtenue } 35...Nf3 { Les Noirs menacent un gain matériel: Cf3xd2 } 36.Nxc7
Nxd2 37.Nb5 d5 $2 ( 37...Ne4 $142 { et les Noirs peuvent espérer continuer. }
38.a4 a6 $11 ) 38.Nxa7 $18 Ne4 39.Nb5 h5 $4
{ une gaffe mais la position était déjà
mauvaise. } ( 39...Kf7 $142 $18 ) 40.a4 Nf6 ( 40...Kf7
{ n'améliore vraiment
rien. } 41.a5 bxa5 42.bxa5 $18 ) 41.a5 Ng4 ( 41...bxa5
{ il n'y a rien de
mieux dans la position. } 42.bxa5 Nd7 $18 ) 42.a6 Nf2+ 43.Kh4 g5+ 44.fxg5 ( 
44.fxg5 Nh1 45.a7 Kf8 46.a8=Q+ Ke7 47.Qxd5 Ng3 48.hxg3 Ke8 49.g6 Ke7 50.Qd6+
Ke8 51.Nc7# ) 1-0

[Event "Championnat CEH Section Championnat "]
[Site "Gatineau"]
[Date "2015.05.01"]
[Round "4"]
[White "Laferrière, Bruno"]
[Black "Gagnon, Fabien"]
[Result "1/2-1/2"]
[BlackElo "1955"]
[EventDate "2015.05.01"]
[WhiteElo "1908"]

1.d4 Nf6 2.c4 e6 3.Nf3 d5 4.e3 c5 5.a3 a6 6.dxc5 Bxc5 7.b4 Ba7 8.Bb2 dxc4
9.Qxd8+ Kxd8 10.Bxc4 b5 11.Ba2 Bb7 12.Ne5 Ke7 13.Nd2 Nbd7 14.Rc1 Rac8 15.O-O
Nxe5 16.Bxe5 Rhd8 ( 16...Ng4 $1 { menace Cxe3 } 17.Bf4 { le mieux } ( 17.Nf3
Nxe5 ( 17...Bxf3 18.Bxg7 Rhg8 19.Rxc8 Rxc8 20.gxf3 Nxf2 21.Bxe6 fxe6 22.Kxf2
$19 ) 18.Nxe5 Rhd8 $19 ) ( 17.Bb2 $2 Nxe3 18.Rxc8 Rxc8 19.Rc1 Rxc1+ 20.Bxc1
Ng4 ) 17...e5 18.Bg3 f6 ( 18...Nxe3 19.fxe3 Bxe3+ 20.Bf2 Bxd2 21.Rxc8 Rxc8
22.Bc5+ ) ) 17.Nf3 g6 ( 17...Ng4 18.Bxg7 Bxf3 19.gxf3 Nxf2 20.Kxf2 Rd2+
21.Kg3 Bb8+ 22.f4 Rg8 23.Kf3 Rxg7 24.Rf2 $11 ) 18.Bb3 Ne8 19.Rxc8 Rxc8 20.Rd1
f6 21.Bb2 e5 ( 21...Nd6 { est possible } 22.Bxf6+ $2 Kxf6 23.Rxd6 Bd5 24.Rxd5
( 24.Bxd5 $4 Rc1+ ) ) 1/2-1/2

[Event "Championnat CEH Section Championnat "]
[Site "Gatineau"]
[Date "2015.05.07"]
[Round "5"]
[White "Gagnon, Fabien"]
[Black "Desjardins, Michel"]
[Result "1/2-1/2"]
[BlackElo "1880"]
[EventDate "2015.05.07"]
[WhiteElo "1955"]

1.e4 d5 2.exd5 Qxd5 3.Nc3 Qd6 4.d4 Nf6 5.Nf3 c6 6.Ne5 Nbd7 7.Nc4 Qc7 8.Qf3
Nb6 9.Bf4 Qd7 10.Be5 Qg4 11.Qg3 Qxg3 12.hxg3 Nxc4 13.Bxc4 Ng4 14.Bf4 Bf5
15.f3 Nf6 16.O-O-O e6 17.g4 Bg6 18.g5 Nd7 19.Bd3 Bxd3 20.Rxd3 O-O-O 21.Re3 $6
( { Meilleur est } 21.Nb5 cxb5 22.Rc3+ Nc5 23.dxc5 Rd5 24.c6 b6 25.Rd3 Rxd3
26.cxd3 Bc5 27.Be5 h5 ) 21...Be7 ( 21...Nb6 22.g6 Nc4 23.Re2 fxg6 24.Rxe6
Rxd4 25.Ne4 g5 26.c3 Rd5 27.Nxg5 Bd6 $10 ) 22.Rd3 Nb6 23.Re1 1/2-1/2

[Event "Championnat CEH Section Championnat "]
[Site "Gatineau"]
[Date "2015.05.08"]
[Round "6"]
[White "Groleau, Gilles"]
[Black "Gagnon, Fabien"]
[Result "1/2-1/2"]
[BlackElo "1955"]
[EventDate "2015.05.08"]
[WhiteElo "1937"]

1.e4 e6 2.d4 d5 3.Nd2 Nf6 4.e5 Nfd7 5.Bd3 c5 6.c3 Nc6 7.Ne2 Qb6 8.Nf3 cxd4
9.cxd4 f6 10.exf6 Nxf6 11.O-O Bd6 12.b3 O-O 13.Bb2 Bd7 14.Ne5 Rae8 15.Nxd7
Nxd7 16.Rc1 Nf6 17.Bb1 e5 18.dxe5 Nxe5 19.Qd4 Qxd4 20.Nxd4 Ne4 21.f3 Nd2
22.Rfd1 Nxb1 23.Rxb1 Bc5 24.Rbc1 b6 25.Rc2 Rf7 26.Rcd2 Rfe7 1/2-1/2

[Event "Championnat CEH Section Championnat "]
[Site "Gatineau"]
[Date "2015.05.09"]
[Round "6"]
[White "Desjardins, Michel"]
[Black "Laferriere, Bruno"]
[Result "1-0"]
[BlackElo "1908"]
[EventDate "2015.05.09"]
[WhiteElo "1880"]

1.e4 c5 2.c3 g6 3.d4 cxd4 4.cxd4 Bg7 5.Nf3 d6 6.Bc4 Nc6 7.Nc3 a6 8.O-O b5
9.Bb3 b4 10.Na4 Nh6 11.h3 Na5 12.Bd5 Rb8 13.Be3 e6 14.Bb3 Nxb3 15.axb3 Ng8
16.e5 Ne7 17.exd6 Qxd6 18.Nc5 Nd5 19.Qe2 Rb6 20.Rfc1 O-O 21.Ne4 Qb8 22.Nc5
Nxe3 23.Qxe3 Rd8 24.Rc4 Rd5 25.Rac1 Rd8 26.Ne5 Bxe5 27.dxe5 Rb5 28.Qg5 Bb7
29.Qf6 Bd5 30.Nxa6 Qb6 31.Rc8 1-0

[Event "Championnat CEH Section Relève 1 "]
[Site "Gatineau"]
[Date "2015.05.09"]
[Round "6"]
[White "Arsenault, Michel"]
[Black "Lavergne, Daniel"]
[Result "1-0"]
[BlackElo "1767"]
[EventDate "2015.05.09"]
[WhiteElo "1860"]

1.c4 g6 2.g3 Bg7 3.Bg2 e5 4.Nc3 f5 5.e3 Nf6 6.Nge2 O-O 7.O-O d6 8.d4 Qe7 9.b3
c6 10.Ba3 Rd8 11.Qc2 Qf7 12.Bxd6 $4 { Une combinaison tres mal calculée. }
12...exd4 13.Bxb8 d3 $6
{ 13...dxc3 14. Be5 Rd2 15. Qxc3 Rxe2 16. Qd3 Ne4 17. Qxe2 Bxe5 et les Noirs ont un avantage clair }
14.Qd2 Rxb8 15.Rad1 Ne4
{ le coup de préparation 15. .. Qe8 aurait garanti l'avantage } 16.Nxe4 fxe4
17.Nc3 Bxc3
{ le coup inférieur 17. .. Bg4 18. Nxe4 Bxd1 19. Rxd1 ne mène qu'à l'égalite après 20. Bf1 ou 20. Nc5) 18. Qxc3 Re8 {meilleur est 18. .. Qe7} 19. f3 {en vertu des imprécisions des Noirs, les Blancs ont acquis l'avantage} exf3 {19. .. Qe7 20. Rfe1 exf3 21. Bxf3 Rf8 22. Bg2 Bf5 23. e4 Qc5+ 24. Kh1 Be6 25. Rxd3 Rf2 et les Noirs ont encore des chances) 20. Bxf3 {Menace de gagner la Dame par 21. Bd5} Qe7
21. Rxd3 Bf5 22. e4 Bxe4?? (22. .. Bh3 est un moindre mal) 23. Re3 Qc5 24. b4 Qe5 25. Qxe5 Rxe5 26. Rfe1 Rd8 27. Bxe4 Kg7 {les Noirs abandonnent sans attendre la réplique} }
1-0